|
|
|
|
| LEADER |
00000nam a22000005a 4500 |
| 003 |
CL-ChBUA |
| 005 |
20120815091526.0 |
| 008 |
081125s1970 ag ||||| |||| 000 ||spa |
| 040 |
|
|
|a CL-ChBUA
|c CL-ChBUA
|
| 082 |
0 |
0 |
|a 372.5
|
| 090 |
|
|
|c 23764
|d 23764
|
| 100 |
1 |
|
|a Scholz-Peters, Ruth
|
| 245 |
1 |
0 |
|a Muñequitas en un momento
|
| 260 |
|
|
|a Buenos Aires
|b Kapelusz.
|c c1970
|
| 300 |
|
|
|a var. págs.
|c 22 cm.
|
| 504 |
|
|
|a Il.
|
| 650 |
|
4 |
|a ARTES MANUALES
|
| 942 |
|
|
|c LIB
|
| 952 |
|
|
|0 0
|1 0
|4 0
|7 0
|9 58198
|a UNACH
|b UNACH
|c 300
|d 2008-11-25
|i 44.618
|l 1
|o 372.5 / Sch 368m
|p 59284
|r 2013-03-26 00:00:00
|s 2013-03-25
|u 58198
|w 2012-08-08
|y LIB
|k 372.5 / Sch 368m
|
| 999 |
|
|
|c 23764
|d 23764
|